Honkai Starrail: all or nothing (1) - Statistiken

Allgemein
  • Dieses Quiz wurde 46 mal gespielt
  • Das Durchschnittsergebnis liegt bei 8 aus 13
Answers on the Grid
Answers color-coded by a green-red scale on the quiz's grid according to % correct below.
Dan Heng - PT
Clara
Tribbie
Moze
Dr. Ratio
Topaz & Numby
Yunli
Jade
Herta
Kafka
Xueyi
Yanqing
Blade
Cerydra
Evernight
Castorice
Fugue
Sunday
Rappa
Jiaoqiu
Acheron
Boothill
Firefly
Sparkle
Misha
Luka
Jingliu
Silverwolf
Bailu
Pela
Seele
Gepard
 
Antwortstatistiken
Antwort % Korrekt
Moze
69%
Clara
66%
Dr. Ratio
66%
Kafka
66%
Tribbie
66%
Herta
62%
Blade
59%
Yunli
59%
Jade
55%
Topaz & Numby
55%
Xueyi
55%
Dan Heng - PT
48%
Yanqing
45%
Keine übereinstimmenden Quizze gefunden
Verteilung der Resultate
Anzahl Personen mit jedem Resultat
Perzentil nach korrekt beantworteten Fragen
Ihre Resultats-Entwicklung
Sie haben dieses Quiz noch nicht gespielt